书目信息 |
| 题名: |
重订六书通
|
|
| 作者: | 毕既明 篆订 | |
| 分册: | ||
| 出版信息: | 北京 北京市中国书店 1980.7 |
|
| 页数: | 360页 | |
| 开本: | 19cm | |
| 丛书名: | ||
| 单 册: | ||
| 中图分类: | H122 | |
| 科图分类: | ||
| 主题词: | 汉字--文字学 | |
| 电子资源: | ||
| ISBN: | ||
| 000 | 00524nam0 2200193 45 | |
| 001 | 0211251542 | |
| 005 | 20060815090703.57 | |
| 010 | @dCNY1.90 | |
| 100 | @a20021125d1980 km y0chiy0120 ea | |
| 101 | 0 | @achi |
| 200 | 1 | @a重订六书通@AZhong Ding Liu Shu Tong@f(清)毕既明篆订@F(Qing)Bi Ji Ming Zhuan Ding |
| 205 | @a影印本 | |
| 210 | @a北京@c北京市中国书店@d1980.7 | |
| 215 | @a360页@d19cm | |
| 606 | 0 | @a汉字@x文字学 |
| 690 | @aH122@v1 | |
| 701 | 0 | @a毕既明@4篆订 |
| 801 | @aCN@bTSTC@c20060815 | |
| 905 | @dH122@e5@f1@b54158 | |
| 重订六书通/(清)毕既明篆订.-影印本.-北京:北京市中国书店,1980.7 |
| 360页;19cm |
| ISBN :CNY1.90 |
| ● |
| 相关链接 |
|
|
|
|
正题名:重订六书通
索取号:H122/5
 
预约/预借
| 序号 | 登录号 | 条形码 | 馆藏地/架位号 | 状态 | 备注 |
| 1 | 0054158 | 000833030 | 第四借阅区/ [索取号:H122/5] | 在馆 | |
| 2 | 0054160 | 000833021 | 第二样本阅览室/ [索取号:H122/5] | 在馆 | |
| 3 | 0228630 | 001629562 | 密集书库/ [索取号:H122/5] | 在馆 | |
| 4 | 0228631 | 001629553 | 密集书库/ [索取号:H122/5] | 在馆 | |
| 5 | 0228632 | 001629401 | 密集书库/ [索取号:H122/5] | 在馆 | |
| 6 | 0228633 | 001629544 | 密集书库/ [索取号:H122/5] | 在馆 | |
| 7 | 0228634 | 001629535 | 密集书库/ [索取号:H122/5] | 在馆 | |
| 8 | 0228635 | 001629526 | 密集书库/ [索取号:H122/5] | 在馆 | |
| 9 | 0462713 | 204627136 | 密集书库/ [索取号:H122/5] | 在馆 | |
| 10 | 0462714 | 204627145 | 密集书库/ [索取号:H122/5] | 在馆 | |
| 11 | 0462715 | 204627154 | 密集书库/ [索取号:H122/5] | 在馆 | |
| 12 | 0462716 | 204627163 | 密集书库/ [索取号:H122/5] | 在馆 |